Destinations out of YVR (Vancouver) - Statistics

General Stats
  • This quiz has been taken 29 times
  • The average score is 127 of 243
Answer Stats
Airline Destination % Correct
Air Canada | Air Canada Express | Flair Airlines | WestJet Calgary
91%
Air Canada | Air Canada Express | Flair Airlines | WestJet Edmonton
91%
Aeromexico | Air Canada | Flair Airlines Mexico City
91%
Air Canada | Air Canada Express | Flair Airlines | +3 others San Francisco
91%
Air Canada | American Airlines* | American Eagle* | +3 others Los Angeles
87%
Air Canada Express | Alaska Airlines* (Oregon) Portland
87%
Air Canada Express | Alaska Airlines | Delta Connection Seattle/Tacoma
87%
American Airlines Dallas/Fort Worth
83%
Air Canada* Halifax
83%
Flair Airlines* (Ontario) London
83%
Air Canada Express | WestJet* San Diego
83%
Air Canada | Qantas Sydney
83%
Air Canada | Air Canada Express* | Flair Airlines | WestJet Winnipeg
83%
WestJet Atlanta
78%
Air Canada | Cathay Pacific | Hong Kong Airlines Hong Kong
78%
Air Canada | WestJet Honolulu
78%
Air Canada* Anchorage
74%
Air Canada | United Airlines Denver
74%
Air Canada* | Condor* | Lufthansa Frankfurt
74%
Air Canada Express | Air Canada* | Air North | +3 others Kelowna
74%
Air Canada | Flair Airlines | WestJet Las Vegas
74%
Air Canada Miami
74%
Air Canada | United Airlines* Newark
74%
Air Canada* Quebec City
74%
Air Canada | Flair Airlines | Porter Airlines | WestJet Toronto-Pearson
74%
Air Canada Express | Air North | Harbour Air | +2 others Victoria
74%
Air Canada* | Air New Zealand Auckland
70%
American Airlines* Charlotte
70%
Air Canada Express Kamloops
70%
Lufthansa Munich
70%
Air Canada | Porter Airlines | WestJet* Ottawa
70%
Air Canada | Air Canada Express | WestJet Saskatoon
70%
Air Canada Singapore
70%
KLM Amsterdam
65%
JetBlue* | WestJet* Boston
65%
Air Canada | Flair Airlines* | WestJet Cancun
65%
Air Canada | American Airlines* | United Airlines Chicago-O'Hare
65%
Turkish Airlines Istanbul
65%
Air Canada | Philippine Airlines Manila
65%
Delta Air Lines | Sun Country Airlines* Minneapolis/St. Paul
65%
Air Canada Express | Pacific Coastal Airlines | WestJet Encore Nanaimo
65%
JetBlue New York-JFK
65%
Delta Connection Salt Lake City
65%
Air Canada* Austin
61%
Air India Delhi
61%
Air Canada | Flair Airlines | Porter Airlines | WestJet* Montreal-Trudeau
61%
Air Canada Express | Pacific Coastal Airlines | WestJet Encore Prince George
61%
Air Canada Express | Air Canada* | WestJet Regina
61%
Air Canada Express Sacramento
61%
Air Canada | Japan Airlines (JAL) | Zipair Tokyo Tokyo-Narita
61%
WestJet* Detroit
57%
Flair Airlines Guadalajara
57%
Porter Airlines (Ontario) Hamilton
57%
Air Canada | British Airways London-Heathrow
57%
WestJet Orlando
57%
Air France Paris-Charles de Gaulle
57%
Air Canada Express* | Air Canada* | Air North Whitehorse
57%
Air Canada Express | Air North* Yellowknife
57%
British Airways* London-Gatwick
52%
Air Canada* | WestJet* Nashville
52%
Air Canada | Korean Air | T'way Airlines Seoul-Incheon
52%
All Nippon Airways (ANA) Tokyo-Haneda
52%
Air Canada | Air China Beijing-Capital
48%
Air Canada Brisbane
48%
Air Canada Express | Pacific Coastal Airlines | WestJet Encore Comox
48%
Air Canada* Dublin
48%
Hainan Airlines Shenzhen
48%
Edelweiss Air* Zurich
48%
Air Canada* | WestJet Kahului
43%
Flair Airlines Kitchener/Waterloo
43%
Fiji Airways Nadi
43%
Air Canada* | Flair Airlines* | WestJet San Jose del Cabo
43%
Air Canada Shanghai-Pudong
43%
Air Canada* | WestJet* Tampa
43%
XiamenAir Xiamen
43%
Air Canada Express | WestJet Encore Fort St. John
39%
Pacific Coastal Airlines Penticton
39%
Air Canada Express Prince Rupert
39%
Air Canada* Raleigh/Durnham
39%
Harbour Air | Pacific Coastal Airlines Tofino
39%
Air Canada* | United Airlines* Washington-Dulles
39%
Corilair* | Pacific Coastal Airlines Campbell River
35%
Air Canada Express | Pacific Coastal Airlines | WestJet Encore Cranbrook
35%
Air Canada Orange County
35%
Air Canada* | Flair Airlines* | WestJet Palm Springs
35%
Air Canada | Flair Airlines* | WestJet Puerto Vallarta
35%
China Airlines | EVA Air Taipei-Taoyuan
35%
WestJet* Lihue
30%
Air Canada Express | Air Canada* | Flair Airlines* | WestJet Phoenix-Sky Harbor
30%
Harbour Air* | Sunshine Coast Air Sechelt
30%
WestJet* Fort Lauderdale
26%
Air Canada* Osaka-Kansai
26%
Pacific Coastal Airlines Powell River
26%
Icelandair Reykjavik-Keflavik
26%
Air Canada Express | WestJet Encore Terrace/Kitimat
26%
Harbour Air Whistler/Green Lake
26%
Air Canada* Bangkok–Suvarnabhumi
22%
Pacific Coastal Airlines Bella Bella
22%
Pacific Coastal Airlines Bella Coola
22%
Air Canada | United Airlines Houston-Intercontinental
22%
Air Canada* | WestJet* Kailua-Kona
22%
Pacific Coastal Airlines Masset
22%
WestJet* Mazatlan
22%
Air Canada Express Castlegar
17%
Air Canada* Dubai-International
17%
Air Canada* | WestJet* Ixtapa/Zihuatanejo
17%
Pacific Coastal Airlines Port Hardy
17%
Air Canada Express Sandspit
17%
Air Canada Express | Central Mountain Air Smithers
17%
Pacific Coastal Airlines Trail
17%
Central Mountain Air | Pacific Coastal Airlines Williams Lake
17%
Sichuan Airlines Chengdu-Tianfu
13%
Air Canada* | WestJet* Huatulco
13%
WestJet* (Costa Rica) Liberia
13%
Central Mountain Air | Pacific Coastal Airlines Quesnel
13%
Gulf Island Seaplanes Gabriola Island/Silva Bay
9%
Iskwew Air Qualicum Beach
4%
Air Canada* Tepic
4%
Helijet Vancouver Harbour
4%
Pacific Coastal Airlines Anahim Lake
0%
Harbour Air | Seair Seaplanes Bedwell Harbour
0%
Harbour Air Comox Harbour
0%
Harbour Air | Seair Seaplanes Ganges Harbour
0%
Harbour Air | Seair Seaplanes Miners Bay
0%
Seair Seaplanes Montague Harbour
0%
Harbour Air | Helijet | Seair Seaplanes | Sunshine Coast Air Nanaimo Harbour
0%
Seair Seaplanes Port Washington
0%
Harbour Air Victoria Airport
0%
Harbour Air | Helijet Victoria Harbour
0%
No matching quizzes found
Score Distribution
Percent of People with Each Score
Percentile by Number Answered
Your Score History
You have not taken this quiz